000 00300cam a2200145ua 4500
082 _a620
_bRAO/ST
100 _aRao, J. K .
_91679
245 _aStructural Engineering /
250 _a4 /
260 _aBangalore :
_bDixit & Co. ,
_c1966.
300 _a211 ; .
942 _cBK
999 _c60
_d60
003 @
003 OSt